Ces mots imprécis qu'on substitue à d'autres - Statistiques

Statistiques générales
  • Ce quiz a été pris 141 fois
    114 depuis la dernière actualisation
  • Le résultat moyen est 11 sur 40
Statistiques - réponses
Indice Réponse % Correct
Objet indéfini T { Truc}
75%
Individu banal T Monsieur {Tout-le-monde}
68%
Jamais PADD Quand les {poules} {auront} {des} {dents}
67%
Objet indéfini C {Chose}
66%
Prochainement sans date définie CJ Un de {ces} {jours}
60%
Objet indéfini B {Bidule}
58%
Très très rarement TDM Tous les [trente-six} {du} {mois}
55%
Village lointain P {Perpète}
53%
Très souvent QM Tous les {quatre} {matins}
46%
Savant ou prétendu tel M., Mme ou Mlle {Je} {sais-tout}
45%
Individu banal DLR Homme {de} {la} {rue}
41%
Ville russe lointaine P {Petaouchnok}
40%
Prochainement sans date définie CQM Un de {ces} {quatre} {matins}
37%
Chien M {Médor}
35%
Inconnu M {Machin}
34%
Condamner à vie P Condamner à {perpète}
34%
Jamais A la {Saint}-{Glinglin}
31%
Individu U {Untel}
28%
Semaine imaginaire QJ Semaine des {quatre} {jeudis}
26%
Inconnu {X}
23%
Femme de ménage C {Conchita}
19%
Objet indéfini un peu étrange T { Trucmuche}
16%
Reporter sine die ACG Renvoyer {aux} {calendes} {grecques}
14%
Personnage ayant plusieurs emplois J Maître {Jacques}
12%
Destination hors de portée T {Tombouctou}
12%
Inconnu M {Machin}-{Chose}
9%
Individu T {Tartempion}
9%
Française moyenne M Mme {Michu}
8%
Très loin Au {diable} {Vauvert}
6%
Objet bizarre E {Engin}
5%
Objet S {Schmilblick}
5%
Loin D Aux cinq-cents {diables}
4%
Station balnéaire imaginaire T {Tataouine}-les-{Bains}
3%
Village perdu T {Triffouilly}-les-{oies}
3%
Village imaginaire C {Clochemerle}
2%
Ville provençale imaginaire C {Cuges}
1%
Individu D {Duchmol}
1%
etc. RL et un {raton} {laveur}
1%
Ensemble indénombrable T {Toutim}
1%
Village perdu T {Trou}-en-{Cambrousse}
0%
Aucun quiz correspondant
Distribution des résultats
% des personnes avec chaque résultat
Percentile par nombre de réponses
Votre historique - résultats
Vous n’avez pas pris ce quiz depuis la dernière actualisation